000 00342nam a2200133Ia 4500
005 20260328104300.0
008 260328s9999||||xx |||||||||||||| ||und||
100 _aAllen, Cindy
245 0 _aInterior Design Best of Hospitality /
_cCindy Allen
260 _bInterior Design
300 _a272 p.
650 _aDISEÑO INTERIOR
942 _cBK
999 _c10574
_d10574